| 000 | 00544nam a2200193Ia 4500 | ||
|---|---|---|---|
| 005 | 20260429112025.0 | ||
| 008 | 260429s9999||||xx |||||||||||||| ||und|| | ||
| 020 | _a9781035329731 | ||
| 041 | _aEnglish | ||
| 082 |
_a303 _bNEL |
||
| 100 | _aNelson, John P. | ||
| 245 | 0 |
_aAdvanced introduction to innovation and public values / _cJohn P. Nelson |
|
| 260 |
_aUnited Kingdom : _bEdward Elgar Publishing, _c2025. |
||
| 300 | _avi, 144 p.; pbk | ||
| 650 | _a Public values | ||
| 650 | _aSociology | ||
| 700 | _a Bozeman, Barry | ||
| 942 | _cTB | ||
| 999 |
_c51944 _d51944 |
||